Refugees and forced displacement : (Record no. 1811)

MARC details
000 -LEADER
fixed length control field 02729cam a22003374a 4500
001 - CONTROL NUMBER
control field 13134877
003 - CONTROL NUMBER IDENTIFIER
control field OSt
005 - DATE AND TIME OF LATEST TRANSACTION
control field 20150520181858.0
008 - FIXED-LENGTH DATA ELEMENTS--GENERAL INFORMATION
fixed length control field 030324s2003 ja b 001 0 eng
010 ## - LIBRARY OF CONGRESS CONTROL NUMBER
LC control number 2003006856
020 ## - INTERNATIONAL STANDARD BOOK NUMBER
International Standard Book Number 9280810863
040 ## - CATALOGING SOURCE
Original cataloging agency DLC
Transcribing agency DLC
Modifying agency DLC
042 ## - AUTHENTICATION CODE
Authentication code pcc
050 00 - LIBRARY OF CONGRESS CALL NUMBER
Classification number JV6346.R4
Item number R45 2003
082 00 - DEWEY DECIMAL CLASSIFICATION NUMBER
Classification number 305.906914
Edition number 21
Item number REF 2003
245 00 - TITLE STATEMENT
Title Refugees and forced displacement :
Remainder of title international security, human vulnerability, and the state /
Statement of responsibility, etc. Edward Newman and Joanne van Selm, editors.
260 ## - PUBLICATION, DISTRIBUTION, ETC. (IMPRINT)
Place of publication, distribution, etc. Tokyo ;
-- New York :
Name of publisher, distributor, etc. United Nations University Press,
Date of publication, distribution, etc. 2003.
300 ## - PHYSICAL DESCRIPTION
Extent x, 391 p. ;
Dimensions 24 cm.
504 ## - BIBLIOGRAPHY, ETC. NOTE
Bibliography, etc Includes bibliographical references and index.
505 0# - FORMATTED CONTENTS NOTE
Formatted contents note Refugees, international security, and human vulnerability : introduction and survey / Edward Newman -- Refugees as grounds for international action / Gil Loescher -- Refugees and human displacement in contemporary international relations : reconciling state and individual sovereignty / Gary G. Troeller -- Refugee protection policies and security issues / Joanne Van Selm -- Human security and the protection of refugees / Astri Suhrke -- Thinking ethically about refugees : a case for the transformation of global governance / Mervyn Frost -- The early warning of forced migration : state or human security? / Susanne Schmeidl -- Towards a protection regime for internally displaced persons / Erin D. Mooney -- Reconciling control and compassion? : human smuggling and the right to asylum / Khalid Koser -- Post-conflict peace-building and the return of refugees : concepts, practices, and institutions / B.S. Chimni -- The long-term challenges of conflict reconstruction and reintegration : case-studies of Haiti and Bosnia-Herzegovina / Patricia Weiss Fagen -- Sovereignty, gender, and displacement / Julie Mertus -- Securitizing sovereignty? : states, refugees, and the regionalization of international law / Gregor Noll -- A new tower of Babel? : reappraising the architecture of refugee protection / William Maley -- Distance makes the heart grow fonder : media images of refugees and asylum seekers / Peter Mares.
650 #0 - SUBJECT ADDED ENTRY--TOPICAL TERM
Topical term or geographic name as entry element Refugees.
9 (RLIN) 1772
650 #0 - SUBJECT ADDED ENTRY--TOPICAL TERM
Topical term or geographic name as entry element Forced migration.
9 (RLIN) 4766
650 #0 - SUBJECT ADDED ENTRY--TOPICAL TERM
Topical term or geographic name as entry element Security, International.
9 (RLIN) 1008
650 #0 - SUBJECT ADDED ENTRY--TOPICAL TERM
Topical term or geographic name as entry element Refugees
General subdivision Legal status, laws, etc.
9 (RLIN) 4767
700 1# - ADDED ENTRY--PERSONAL NAME
Personal name Newman, Edward,
Dates associated with a name 1970-
9 (RLIN) 4768
700 1# - ADDED ENTRY--PERSONAL NAME
Personal name Selm, Joanne van.
9 (RLIN) 4769
856 41 - ELECTRONIC LOCATION AND ACCESS
Materials specified Table of contents
Uniform Resource Identifier http://www.loc.gov/catdir/toc/ecip041/2003006856.html
906 ## - LOCAL DATA ELEMENT F, LDF (RLIN)
a 7
b cbc
c orignew
d 1
e ecip
f 20
g y-gencatlg
942 ## - ADDED ENTRY ELEMENTS (KOHA)
Source of classification or shelving scheme Dewey Decimal Classification
Koha item type Short Loan
Holdings
Withdrawn status Lost status Source of classification or shelving scheme Damaged status Not for loan Home library Current library Date acquired Inventory number Total Checkouts Full call number Barcode Date last seen Price effective from Koha item type
    Dewey Decimal Classification     MUST Main Library MUST Main Library 20/05/2015 2006/27930   305.906914 REF 2003 2015-1504 20/05/2015 20/05/2015 Short Loan